000 00593nam a22002297a 4500
003 UA-OsUOA
001 93725
007 ta
008 20130128b un ||||| |||| 00| 0 ukr d
100 _aВієру Н.
090 _a821.135.2
_bВ55
942 _cBK
040 _aUA-OsUOA
_bukr
_cUA-OsUOA
_dUA-OsUOA
245 _aЛюдина у дзеркалі
_bромани
300 _a474 с.
955 _a3
041 _aukr
080 _a821.135.2
260 _aК.
_bДніпро
_c1989
650 7 _a82 Література. Літературознавство
_2UDC
999 _c379968
_d379968